[Event "Aeroflot Open 2011 B"]
[Site "Moscu RUS"]
[Date "2011.02.10"]
[Round "3.32"]
[White "Sharafiev, Azat"]
[Black "Oparin, Grigoriy"]
[Result "1/2-1/2"]
[WhiteElo "2462"]
[BlackElo "2328"]
[PlyCount "90"]
[EventDate "2011.02.08"]
[EventType "swiss"]
[EventRounds "9"]
[EventCountry "RUS"]
[Source "lmi"]
[SourceDate "2011.02.08"]

1. e4 c5 2. Nf3 d6 3. d4 cxd4 4. Nxd4 Nf6 5. Nc3 a6 6. Be3 e6 7. g4 b5 8. g5
Nfd7 9. a3 Bb7 10. h4 Nc6 11. h5 Rc8 12. Rh3 Nce5 13. g6 Qf6 14. Qd2 Be7 15. f4
Ng4 16. gxf7+ Qxf7 17. f5 e5 18. Ne6 Nxe3 19. Qxe3 Nc5 20. h6 Nxe6 21. fxe6
Qxe6 22. hxg7 Rg8 23. Rxh7 Qg6 24. Qh3 Rxg7 25. Rxg7 Qxg7 26. O-O-O Kd8 27. Kb1
Kc7 28. a4 bxa4 29. Nxa4 Kb8 30. Nb6 Rc6 31. Nd5 Bd8 32. Qb3 Qg1 33. Qf3 Qg7
34. Bd3 Ka7 35. Rh1 Bb6 36. Qf5 Rc5 37. Rh7 Qg1+ 38. Ka2 Qg8 39. Kb1 Qg1+ 40.
Bf1 Qg3 41. Qf7 Qe1+ 42. Ka2 Qa5+ 43. Kb3 Bc7 44. Nxc7 Qb6+ 45. Ka2 Qa5+
1/2-1/2

[Event "Aeroflot Open 2011 B"]
[Site "Moscu RUS"]
[Date "2011.02.10"]
[Round "3.33"]
[White "Mammadova, Gulnar Marfat"]
[Black "Lushenkov, Mikhail"]
[Result "1/2-1/2"]
[WhiteElo "2284"]
[BlackElo "2451"]
[PlyCount "137"]
[EventDate "2011.02.08"]
[EventType "swiss"]
[EventRounds "9"]
[EventCountry "RUS"]
[Source "lmi"]
[SourceDate "2011.02.08"]

1. e4 Nf6 2. e5 Nd5 3. c4 Nb6 4. d4 d6 5. exd6 exd6 6. Nc3 Be7 7. Nf3 O-O 8.
Be2 Bf6 9. O-O Bf5 10. Be3 Re8 11. Qd2 Nc6 12. b3 Ne7 13. Rac1 c6 14. h3 h6 15.
Nh2 Bh7 16. Ng4 Nf5 17. Bd3 Kh8 18. Bxf5 Bxf5 19. Nxf6 Qxf6 20. d5 Rad8 21. a4
Nd7 22. f4 Nc5 23. Bxc5 dxc5 24. Qf2 b6 25. dxc6 Qxc6 26. Rcd1 Kh7 27. Rd2 Qg6
28. Kh2 Rxd2 29. Qxd2 Be4 30. Rf2 f5 31. Qd7 Bc6 32. Qd3 Qe6 33. Re2 Be4 34.
Qd2 Re7 35. Qe1 Re8 36. Re3 Qg6 37. Re2 Qe6 38. Re3 Qg6 39. Re2 Re7 40. g4 Re6
41. Nxe4 Rxe4 42. gxf5 Rxe2+ 43. Qxe2 Qxf5 44. Qe3 a5 45. Kg3 h5 46. Qf3 Kh6
47. Qe3 Qf6 48. Qf3 Qg6+ 49. Kh2 Kh7 50. Qe3 Qc2+ 51. Kg3 Qb1 52. Kg2 Qf5 53.
Kg3 Kh6 54. Qf3 Qe6 55. Kg2 g6 56. Qc3 Kh7 57. Kg3 Kg8 58. Qd3 Kf7 59. Qd2 Ke7
60. Qd3 Qe1+ 61. Kg2 Qe6 62. Kg3 Kf7 63. Qd5 Kf6 64. Qxe6+ Kxe6 65. h4 Kf6 66.
Kf2 Kf7 67. Ke3 Kf6 68. Ke4 Ke6 69. Ke3 1/2-1/2

[Event "Aeroflot Open 2011 B"]
[Site "Moscu RUS"]
[Date "2011.02.10"]
[Round "3.34"]
[White "Tunik, Gennady"]
[Black "Kochetkova, Julia"]
[Result "0-1"]
[WhiteElo "2450"]
[BlackElo "2311"]
[PlyCount "106"]
[EventDate "2011.02.08"]
[EventType "swiss"]
[EventRounds "9"]
[EventCountry "RUS"]
[Source "lmi"]
[SourceDate "2011.02.08"]

1. d4 Nf6 2. c4 e6 3. Nf3 d5 4. Nc3 dxc4 5. Qa4+ c6 6. Qxc4 b5 7. Qb3 Nbd7 8.
Bg5 Be7 9. e3 a6 10. Be2 c5 11. O-O Bb7 12. Rfd1 Qb6 13. a4 cxd4 14. exd4 b4
15. Nb1 O-O 16. Nbd2 Qd8 17. Nc4 a5 18. Nfe5 Nd5 19. Bxe7 Qxe7 20. Bf3 N7b6 21.
Rac1 Rfc8 22. Nd3 Nxc4 23. Rxc4 Rxc4 24. Qxc4 Rc8 25. Nc5 Nb6 26. Qe2 Bxf3 27.
Qxf3 Nd5 28. g3 h6 29. h4 Rd8 30. Rc1 Rc8 31. Qe4 Qd6 32. Re1 Nf6 33. Qe3 Nd5
34. Qe5 Qc6 35. b3 Rd8 36. Qe4 Qc7 37. Qe5 Qc6 38. Qe4 Ne7 39. Qf4 Nf5 40. Re4
Qd5 41. Re5 Qxd4 42. Qxd4 Nxd4 43. Kg2 f6 44. Re3 e5 45. f4 Rc8 46. Ne4 Rc2+
47. Kf1 f5 48. Nd6 e4 49. g4 Rc3 50. Kf2 Nxb3 51. gxf5 Rxe3 52. Kxe3 Nc5 53.
Nc4 b3 0-1

[Event "Aeroflot Open 2011 B"]
[Site "Moscu RUS"]
[Date "2011.02.10"]
[Round "3.35"]
[White "Shukh, Nikolai"]
[Black "Guo, Qi"]
[Result "1/2-1/2"]
[WhiteElo "2442"]
[BlackElo "2310"]
[PlyCount "111"]
[EventDate "2011.02.08"]
[EventType "swiss"]
[EventRounds "9"]
[EventCountry "RUS"]
[Source "lmi"]
[SourceDate "2011.02.08"]

1. e4 e6 2. d4 d5 3. Nc3 Nf6 4. Bg5 dxe4 5. Nxe4 Nbd7 6. Nxf6+ Nxf6 7. Nf3 h6
8. Bh4 c5 9. Bxf6 gxf6 10. Bd3 cxd4 11. Nxd4 Bc5 12. Nb3 Be7 13. Qf3 Qc7 14.
Bb5+ Kf8 15. O-O a6 16. Bd3 Bd7 17. Rfe1 f5 18. Qe3 Bf6 19. c3 Bc6 20. Be2 Be5
21. Qh3 Rg8 22. Bf1 Kg7 23. Rad1 Rad8 24. Nd4 Be4 25. Bd3 Bxd4 26. cxd4 Bxd3
27. Rxd3 Qf4 28. g3 Qg4 29. Qxg4+ fxg4 30. Re4 h5 31. Rc3 Rd7 32. Rc5 Kg6 33.
Ree5 Rxd4 34. Rg5+ Kh7 35. Rxh5+ Kg7 36. Rc7 Kg6 37. Rh4 b5 38. h3 Kf6 39. Rh6+
Rg6 40. Rh7 Rg7 41. Rxg7 Kxg7 42. hxg4 Rxg4 43. b3 Rd4 44. Ra7 Rd6 45. Kg2 Kg6
46. Kf3 f5 47. Ke3 Kf6 48. f3 Kg5 49. Ra8 e5 50. Rg8+ Kf6 51. Rc8 Kg5 52. Rc5
Re6 53. b4 Kf6 54. g4 fxg4 55. fxg4 Rd6 56. a3 1/2-1/2

[Event "Aeroflot Open 2011 B"]
[Site "Moscu RUS"]
[Date "2011.02.10"]
[Round "3.36"]
[White "Tseshkovsky, Vitaly"]
[Black "Zolotukhin, Valery"]
[Result "0-1"]
[WhiteElo "2528"]
[BlackElo "2348"]
[PlyCount "138"]
[EventDate "2011.02.08"]
[EventType "swiss"]
[EventRounds "9"]
[EventCountry "RUS"]
[Source "lmi"]
[SourceDate "2011.02.08"]

1. e4 c6 2. d4 d5 3. f3 dxe4 4. fxe4 e5 5. Nf3 Bg4 6. Bc4 Nd7 7. O-O Ngf6 8. c3
Bd6 9. Bg5 O-O 10. Nbd2 b5 11. Bb3 Qb6 12. Qe1 Rae8 13. Qg3 exd4 14. Qxd6 dxc3+
15. Kh1 cxd2 16. Nxd2 c5 17. Qg3 Bh5 18. Bxf6 Nxf6 19. e5 Ng4 20. h3 Nxe5 21.
Rf5 Qg6 22. Rg5 Qd3 23. Qxd3 Nxd3 24. Rxh5 Re2 25. Nf3 Rxb2 26. Ne5 Nf2+ 27.
Kg1 c4 28. Bd1 g6 29. Rh4 Re8 30. Nf3 Rd8 31. Rd4 Rxd4 32. Nxd4 Rd2 33. Bf3
Nxh3+ 34. gxh3 Rxd4 35. Kf2 Rd2+ 36. Be2 Rb2 37. Ke3 c3 38. Rd1 b4 39. Bc4 Rh2
40. Rf1 Rxh3+ 41. Kd4 Rh4+ 42. Kc5 a5 43. Bxf7+ Kg7 44. Bb3 Rh5+ 45. Kb6 Re5
46. Bc4 Rf5 47. Rg1 a4 48. Rb1 g5 49. Bd3 Rd5 50. Bc2 Rd2 51. Bxa4 Rxa2 52. Kb5
Rb2 53. Rc1 g4 54. Kc4 h5 55. Bb3 g3 56. Kxb4 h4 57. Kxc3 Rxb3+ 58. Kxb3 h3 59.
Rc3 g2 60. Rxh3 g1=Q 61. Rc3 Kf6 62. Kb2 Ke5 63. Kc2 Qf1 64. Kb2 Kd4 65. Rb3
Qe1 66. Ka2 Kc4 67. Rb7 Qe6 68. Rb3 Qd5 69. Ka3 Qd1 0-1

[Event "Aeroflot Open 2011 B"]
[Site "Moscu RUS"]
[Date "2011.02.10"]
[Round "3.37"]
[White "Smirnov, Pavel"]
[Black "Hayrapetian, Ovik"]
[Result "1-0"]
[WhiteElo "2523"]
[BlackElo "2344"]
[PlyCount "95"]
[EventDate "2011.02.08"]
[EventType "swiss"]
[EventRounds "9"]
[EventCountry "RUS"]
[Source "lmi"]
[SourceDate "2011.02.08"]

1. e4 c5 2. Nf3 e6 3. d4 cxd4 4. Nxd4 a6 5. Nc3 Qc7 6. Bd3 Nf6 7. f4 Bb4 8. Bd2
Bxc3 9. bxc3 d5 10. e5 Ne4 11. Bxe4 dxe4 12. Qe2 b5 13. O-O g6 14. a4 bxa4 15.
Qxe4 Bb7 16. Qe2 Nd7 17. Rxa4 Nb6 18. Rb4 Bd5 19. Be3 Nc4 20. Nb3 Nxe3 21. Qxe3
O-O 22. Nd2 a5 23. Rd4 Rfd8 24. Ra1 Bb7 25. Nc4 Qc6 26. Qf3 Qb5 27. Qd1 Rxd4
28. Qxd4 a4 29. Kf2 Qc6 30. Ne3 a3 31. Ra2 Kg7 32. c4 h5 33. c5 Ra4 34. c4 Ba8
35. Qd8 Ra7 36. Rd2 Kh7 37. Qf8 Qe4 38. Qb8 Qxf4+ 39. Ke2 Rb7 40. Qxa8 Rb3 41.
Qf3 Qxe5 42. Qxf7+ Kh6 43. Qf8+ Kg5 44. Qd8+ Kh6 45. Qd4 Qb8 46. c6 Rb2 47.
Rxb2 axb2 48. c7 1-0

[Event "Aeroflot Open 2011 B"]
[Site "Moscu RUS"]
[Date "2011.02.10"]
[Round "3.38"]
[White "Delorme, Axel"]
[Black "Denisov, Lev"]
[Result "0-1"]
[WhiteElo "2492"]
[BlackElo "2337"]
[PlyCount "78"]
[EventDate "2011.02.08"]
[EventType "swiss"]
[EventRounds "9"]
[EventCountry "RUS"]
[Source "lmi"]
[SourceDate "2011.02.08"]

1. d4 d5 2. c4 c6 3. Nc3 Nf6 4. e3 e6 5. Nf3 Nbd7 6. Qc2 Bd6 7. g4 h6 8. Rg1 b5
9. c5 Bc7 10. h4 b4 11. Ne2 e5 12. dxe5 Nxe5 13. Nxe5 Bxe5 14. g5 hxg5 15. hxg5
Ne4 16. f4 Bc7 17. Nd4 Bd7 18. Bd3 b3 19. axb3 Ba5+ 20. Kf1 Bh3+ 21. Ke2 Bg4+
22. Kf1 Bh3+ 23. Ke2 Bg4+ 24. Rxg4 Rh2+ 25. Kf3 Rxc2 26. Bxc2 Kd7 27. g6 Qh8
28. Bxe4 Qh3+ 29. Kf2 dxe4 30. Rg1 Bd8 31. Rg2 Bf6 32. gxf7 Ke7 33. Nxc6+ Kxf7
34. Bd2 Qh4+ 35. Kg1 Rh8 36. Ne5+ Kg8 37. Kf1 Bxe5 38. fxe5 Qh1+ 39. Rg1 Qh3+
0-1

[Event "Aeroflot Open 2011 B"]
[Site "Moscu RUS"]
[Date "2011.02.10"]
[Round "3.39"]
[White "Ivakhinova, Inna"]
[Black "Korobkov, Piotr"]
[Result "1/2-1/2"]
[WhiteElo "2324"]
[BlackElo "2492"]
[PlyCount "104"]
[EventDate "2011.02.08"]
[EventType "swiss"]
[EventRounds "9"]
[EventCountry "RUS"]
[Source "lmi"]
[SourceDate "2011.02.08"]

1. d4 d6 2. Nf3 Nf6 3. c4 g6 4. Nc3 Bf5 5. e3 Bg7 6. Bd3 Bxd3 7. Qxd3 O-O 8.
O-O c5 9. Rd1 Nbd7 10. b3 a6 11. Bb2 Rb8 12. e4 cxd4 13. Nxd4 Qe8 14. Rac1 Nc5
15. Qe2 Nh5 16. Rc2 Nf4 17. Qe3 Nfe6 18. Nd5 b5 19. cxb5 axb5 20. Nxe6 fxe6 21.
Bxg7 Kxg7 22. Nc7 Qf7 23. b4 Rfc8 24. bxc5 Rxc7 25. Rdc1 dxc5 26. Rxc5 Rxc5 27.
Qxc5 Qf6 28. e5 Qf7 29. Rb1 Qe8 30. h3 Kg8 31. Rb4 Ra8 32. Rxb5 Rxa2 33. Qc4
Ra1+ 34. Kh2 Qf7 35. f3 Qf5 36. f4 Ra8 37. Rb7 Re8 38. Rb6 g5 39. Qxe6+ Qxe6
40. Rxe6 gxf4 41. Kg1 Kf7 42. Rh6 Kg7 43. Rh4 Rf8 44. Rg4+ Kh6 45. Kf2 Rf5 46.
Kf3 Rxe5 47. Kxf4 Re1 48. Rg8 Re6 49. Kf5 Rf6+ 50. Ke5 Ra6 51. Kf5 Rf6+ 52. Ke5
Ra6 1/2-1/2

[Event "Aeroflot Open 2011 B"]
[Site "Moscu RUS"]
[Date "2011.02.10"]
[Round "3.40"]
[White "Demianjuk, Alexander"]
[Black "Wan, Yunguo"]
[Result "0-1"]
[WhiteElo "2305"]
[BlackElo "2469"]
[PlyCount "118"]
[EventDate "2011.02.08"]
[EventType "swiss"]
[EventRounds "9"]
[EventCountry "RUS"]
[Source "lmi"]
[SourceDate "2011.02.08"]

1. d4 Nf6 2. c4 g6 3. g3 Bg7 4. Bg2 O-O 5. Nc3 c6 6. Nf3 d6 7. O-O Qa5 8. e4 e5
9. h3 Nbd7 10. Re1 exd4 11. Nxd4 Ne5 12. Bf1 Re8 13. Be3 c5 14. Nb3 Qb4 15. Nd2
a6 16. a3 Qa5 17. Qc2 Qc7 18. Rad1 Nc6 19. Nf3 Be6 20. Nd5 Qd8 21. Bg5 Bxd5 22.
cxd5 Nb8 23. e5 dxe5 24. Nxe5 Nbd7 25. Nxd7 Qxd7 26. Rxe8+ Rxe8 27. Bg2 b6 28.
b4 Rc8 29. bxc5 bxc5 30. Qc4 a5 31. Qa6 Ne8 32. Qxa5 Nd6 33. Qa6 c4 34. Re1 c3
35. Qd3 c2 36. Bc1 Qb7 37. Kh2 h5 38. Qe3 h4 39. Rf1 Nf5 40. Qe4 hxg3+ 41. fxg3
Qb3 42. Rxf5 gxf5 43. Qxf5 Qc4 44. d6 Rd8 45. d7 Qe2 46. Bb2 Qd2 47. Qg4 Qh6
48. Be4 c1=Q 49. Bxc1 Qxc1 50. Bh7+ Kh8 51. Qh4 Qd2+ 52. Kh1 Qe1+ 53. Kh2 Qf2+
54. Kh1 Qf6 55. Qe4 Rxd7 56. Qe8+ Kxh7 57. Qxd7 Qf1+ 58. Kh2 Qf2+ 59. Kh1 Bd4
0-1

[Event "Aeroflot Open 2011 B"]
[Site "Moscu RUS"]
[Date "2011.02.10"]
[Round "3.41"]
[White "Lou, Yiping"]
[Black "Mansour, Sameer"]
[Result "1-0"]
[WhiteElo "2494"]
[BlackElo "2318"]
[PlyCount "93"]
[EventDate "2011.02.08"]
[EventType "swiss"]
[EventRounds "9"]
[EventCountry "RUS"]
[Source "lmi"]
[SourceDate "2011.02.08"]

1. d4 Nf6 2. c4 e6 3. Nc3 Bb4 4. e3 Bxc3+ 5. bxc3 c5 6. Bd3 Nc6 7. Ne2 d6 8. e4
e5 9. d5 Ne7 10. f3 O-O 11. g4 Ng6 12. h3 Nd7 13. Be3 Qf6 14. Ng3 Nf4 15. Bf1
Qd8 16. h4 b5 17. cxb5 a6 18. Qd2 axb5 19. Bxb5 Ra3 20. O-O Qxh4 21. Bxf4 exf4
22. Qxf4 Ne5 23. Ne2 h5 24. gxh5 Qxh5 25. Kf2 Bd7 26. Rh1 Bxb5 27. Rxh5 Nd3+
28. Kg3 Nxf4 29. Nxf4 g6 30. Rh2 Rfa8 31. Rb2 Bc4 32. Rb6 Rxc3 33. a4 Ra6 34.
Rxa6 Bxa6 35. Rb1 g5 36. Nh3 Be2 37. Nxg5 f6 38. Kf2 Rc2 39. Rb8+ Kg7 40. Ne6+
Kf7 41. Rb7+ Ke8 42. Ke3 Bc4 43. a5 Rc3+ 44. Kf2 Ra3 45. Ra7 Bd3 46. a6 Ra2+
47. Ke3 1-0

[Event "Aeroflot Open 2011 B"]
[Site "Moscu RUS"]
[Date "2011.02.10"]
[Round "3.42"]
[White "Lu, Shanglei"]
[Black "Charochkina, Daria"]
[Result "1-0"]
[WhiteElo "2416"]
[BlackElo "2314"]
[PlyCount "149"]
[EventDate "2011.02.08"]
[EventType "swiss"]
[EventRounds "9"]
[EventCountry "RUS"]
[Source "lmi"]
[SourceDate "2011.02.08"]

1. e4 c5 2. Nf3 d6 3. d4 cxd4 4. Nxd4 Nf6 5. f3 e5 6. Nb3 Be6 7. c4 Nbd7 8. Be3
Rc8 9. Na3 a6 10. Be2 Be7 11. O-O O-O 12. Rc1 h6 13. Qd2 Nh5 14. Rfd1 Nf4 15.
Bf1 Qc7 16. Kh1 Nc5 17. Nb1 Nxb3 18. axb3 f5 19. Bxf4 exf4 20. Bd3 Qb6 21. Qe2
Rc5 22. exf5 Re5 23. Qc2 Bxf5 24. Nc3 Bxd3 25. Rxd3 Rff5 26. Nd5 Qd8 27. Rd4
Qe8 28. Nc3 Kh8 29. Rcd1 Qh5 30. Re4 Qh4 31. g3 Qh3 32. Qg2 Qxg2+ 33. Kxg2 fxg3
34. hxg3 Rxe4 35. Nxe4 Re5 36. Kf2 Re6 37. Rd5 Kg8 38. Ke3 Kf7 39. f4 Bf6 40.
Kf3 Ke7 41. Rd2 g6 42. b4 h5 43. b3 Ba1 44. Rd5 Bb2 45. b5 a5 46. b6 Bh8 47.
Rxa5 Bd4 48. Rd5 Bb2 49. Rd2 Ba3 50. Ra2 Bc5 51. Ra7 Kd7 52. Rxb7+ Kc6 53. Nxc5
dxc5 54. Rb8 Rd6 55. Ke2 Re6+ 56. Kd2 Rd6+ 57. Kc2 Re6 58. Kd2 Rd6+ 59. Ke2
Re6+ 60. Kf2 Rd6 61. b7 Rd2+ 62. Ke3 Rb2 63. Rg8 Rxb3+ 64. Ke4 Kxb7 65. Rg7+
Kc8 66. Rxg6 Rc3 67. Kd5 Rf3 68. Kxc5 h4 69. gxh4 Rxf4 70. h5 Rh4 71. h6 Kd7
72. Rg7+ Ke6 73. h7 Kf6 74. Rb7 Kg6 75. Kb6 1-0

[Event "Aeroflot Open 2011 B"]
[Site "Moscu RUS"]
[Date "2011.02.10"]
[Round "3.43"]
[White "Carlstedt, Jonathan"]
[Black "Shevelev, Arkady"]
[Result "1/2-1/2"]
[WhiteElo "2409"]
[BlackElo "2303"]
[PlyCount "119"]
[EventDate "2011.02.08"]
[EventType "swiss"]
[EventRounds "9"]
[EventCountry "RUS"]
[Source "lmi"]
[SourceDate "2011.02.08"]

1. c4 c5 2. g3 Nc6 3. Bg2 g6 4. Nc3 Bg7 5. a3 a6 6. Nf3 Rb8 7. O-O b5 8. cxb5
axb5 9. b4 Nxb4 10. Rb1 Nc6 11. Rxb5 Rxb5 12. Nxb5 Qb6 13. a4 Nf6 14. Ba3 O-O
15. d4 cxd4 16. Nfxd4 Bb7 17. Nb3 d6 18. Nd2 Ne5 19. e4 Rc8 20. Qb3 Bh6 21. a5
Qxa5 22. Nxd6 exd6 23. Qxb7 Re8 24. Bb4 Qa2 25. f4 Nc4 26. Nxc4 Qxc4 27. Re1
Qd4+ 28. Kh1 Ng4 29. h3 Nf2+ 30. Kh2 Nd3 31. Qc6 Rf8 32. Bc3 Qf2 33. Rf1 Qc2
34. Qc7 Bg7 35. Ba5 Qa2 36. Bb6 Nc5 37. e5 Na4 38. exd6 Nxb6 39. Qxb6 Qd2 40.
Rf2 Qd3 41. Qc7 Bd4 42. Rf3 Qd1 43. Rf1 Qd2 44. d7 Bf6 45. f5 g5 46. Qc6 Kg7
47. Qa4 Rd8 48. Rd1 Qe2 49. Rd5 Qb2 50. Qc6 h5 51. Qd6 h4 52. gxh4 gxh4 53. Qf4
Qb8 54. Qxb8 Rxb8 55. Rc5 Rb2 56. Rd5 Bd8 57. Rd4 Kf6 58. Rxh4 Bc7+ 59. Kg1
Bb6+ 60. Kh2 1/2-1/2

[Event "Aeroflot Open 2011 B"]
[Site "Moscu RUS"]
[Date "2011.02.10"]
[Round "3.44"]
[White "Alavkin, Arseny"]
[Black "Tarasova, Viktoriya"]
[Result "1/2-1/2"]
[WhiteElo "2393"]
[BlackElo "2289"]
[PlyCount "85"]
[EventDate "2011.02.08"]
[EventType "swiss"]
[EventRounds "9"]
[EventCountry "RUS"]
[Source "lmi"]
[SourceDate "2011.02.08"]

1. e4 e5 2. Nf3 Nc6 3. Nc3 Nf6 4. Bb5 Bc5 5. O-O O-O 6. Nxe5 Nxe5 7. d4 Bd6 8.
f4 Neg4 9. Be2 Bb4 10. Bxg4 Bxc3 11. bxc3 Nxe4 12. Bf3 d5 13. c4 f5 14. cxd5
Qxd5 15. Qd3 b5 16. Rb1 a6 17. a4 Bd7 18. Ba3 Rfd8 19. Rfc1 Be6 20. axb5 axb5
21. Rxb5 Qa2 22. Be7 Bc4 23. Rb2 Qxb2 24. Qxc4+ Kh8 25. Rd1 Re8 26. Qxc7 Rac8
27. Qd7 Qxc2 28. Bh4 Nc3 29. Re1 Rxe1+ 30. Bxe1 Na4 31. Bd1 Nb6 32. Bxc2 Nxd7
33. Bxf5 Rc1 34. Kf2 Nf6 35. Ke2 g6 36. Be6 Rc2+ 37. Kf3 Kg7 38. d5 Ne8 39. Bf2
Nc7 40. Bd4+ Kf8 41. f5 Nxe6 42. fxe6 Ke7 43. Ke4 1/2-1/2

[Event "Aeroflot Open 2011 B"]
[Site "Moscu RUS"]
[Date "2011.02.10"]
[Round "3.45"]
[White "Oganisjn, Roman"]
[Black "Bajarani, Ulvi"]
[Result "0-1"]
[WhiteElo "2293"]
[BlackElo "2393"]
[PlyCount "80"]
[EventDate "2011.02.08"]
[EventType "swiss"]
[EventRounds "9"]
[EventCountry "RUS"]
[Source "lmi"]
[SourceDate "2011.02.08"]

1. e4 c5 2. b3 g6 3. Bb2 Nf6 4. e5 Nd5 5. Qf3 Nc7 6. h4 Ne6 7. h5 Bh6 8. Rh4 g5
9. Rh1 Nc6 10. Qe4 b6 11. Bc4 Bb7 12. Ne2 Qc7 13. Bd5 O-O-O 14. Na3 a6 15. Nc4
Nf4 16. Nxf4 gxf4 17. a4 Nb4 18. Bxb7+ Qxb7 19. Qf5 Qxg2 20. O-O-O Qc6 21. Qxf7
b5 22. axb5 axb5 23. Na3 Qe6 24. Qxe6 dxe6 25. Nxb5 f3 26. Bc3 Rhg8 27. Rh3
Na2+ 28. Kb2 Nxc3 29. Kxc3 Rdf8 30. Ra1 Kb7 31. Rh4 Bf4 32. d4 cxd4+ 33. Kxd4
Rg5 34. Kd3 Rxe5 35. c4 Rd8+ 36. Nd4 Bg5 37. Rg4 Bf6 38. Rd1 Re2 39. Kc3 Rxf2
40. Rd3 e5 0-1

[Event "Aeroflot Open 2011 B"]
[Site "Moscu RUS"]
[Date "2011.02.10"]
[Round "3.46"]
[White "Kovanova, Baira"]
[Black "Bajt, Indira"]
[Result "1/2-1/2"]
[WhiteElo "2391"]
[BlackElo "2215"]
[PlyCount "106"]
[EventDate "2011.02.08"]
[EventType "swiss"]
[EventRounds "9"]
[EventCountry "RUS"]
[Source "lmi"]
[SourceDate "2011.02.08"]

1. e4 c5 2. Nf3 e6 3. d4 cxd4 4. Nxd4 a6 5. Bd3 g6 6. c4 Bg7 7. Be3 Ne7 8. O-O
d5 9. cxd5 exd5 10. Qa4+ Nd7 11. Nc3 O-O 12. Qa3 Ne5 13. Rad1 Nxd3 14. Rxd3
dxe4 15. Nxe4 Qc7 16. Bg5 Nf5 17. Nf6+ Kh8 18. Rh3 h5 19. Qf3 Nh6 20. Rh4 Qe5
21. Qe3 Qxe3 22. fxe3 Ng4 23. h3 Nxf6 24. Bxf6 Re8 25. Rhf4 Rf8 26. Re4 Bxf6
27. Rxf6 Kg7 28. Rb6 Rd8 29. Re7 Kf8 30. Rc7 Re8 31. Kf2 Re7 32. Rc5 Kg7 33.
Kf3 Bd7 34. Kf2 Rc8 35. Rd5 Rc7 36. a3 Bc8 37. Rd8 Red7 38. Rxd7 Rxd7 39. b4
Rc7 40. a4 Rc4 41. a5 Kf8 42. Nb3 Rc2+ 43. Kf3 Bd7 44. Nd4 Rc7 45. Kf4 Ke7 46.
Ke5 Bc8 47. Nb3 Rc2 48. g3 Rg2 49. Kf4 Rf2+ 50. Ke4 Rf6 51. Rxf6 Kxf6 52. h4
Ke6 53. Nc5+ Kd6 1/2-1/2

[Event "Aeroflot Open 2011 B"]
[Site "Moscu RUS"]
[Date "2011.02.10"]
[Round "3.47"]
[White "Kremenietsky, Anatoly M"]
[Black "Saduakassova, Dinara"]
[Result "1-0"]
[WhiteElo "2372"]
[BlackElo "2225"]
[PlyCount "61"]
[EventDate "2011.02.08"]
[EventType "swiss"]
[EventRounds "9"]
[EventCountry "RUS"]
[Source "lmi"]
[SourceDate "2011.02.08"]

1. d4 Nf6 2. c4 e6 3. Nc3 Bb4 4. Qc2 O-O 5. a3 Bxc3+ 6. Qxc3 d5 7. Nf3 Ne4 8.
Qc2 b6 9. e3 Bb7 10. Bd3 Nd7 11. b4 c5 12. Rb1 Rb8 13. O-O Qe7 14. Bb2 Rfd8 15.
Ba1 Ba8 16. cxd5 exd5 17. bxc5 bxc5 18. dxc5 Ndxc5 19. Nd4 Ne6 20. Rxb8 Rxb8
21. a4 Bb7 22. Qb2 N4c5 23. Nc6 Qc7 24. Nxb8 Nxd3 25. Qb5 Ndc5 26. Qe8+ Nf8 27.
Be5 Qb6 28. Bd4 Qe6 29. Qb5 Ba6 30. Nxa6 Nxa6 31. Rc1 1-0

[Event "Aeroflot Open 2011 B"]
[Site "Moscu RUS"]
[Date "2011.02.10"]
[Round "3.48"]
[White "Wang, Jue"]
[Black "Filipenko, Alexander V"]
[Result "1-0"]
[WhiteElo "2252"]
[BlackElo "2357"]
[PlyCount "72"]
[EventDate "2011.02.08"]
[EventType "swiss"]
[EventRounds "9"]
[EventCountry "RUS"]
[Source "lmi"]
[SourceDate "2011.02.08"]

1. e4 c5 2. Nf3 d6 3. d4 cxd4 4. Nxd4 Nf6 5. Nc3 Nc6 6. Bg5 e6 7. Qd2 a6 8.
O-O-O Qb6 9. Bxf6 gxf6 10. Nb3 h5 11. Kb1 Qc7 12. f4 b5 13. Bd3 Bd7 14. Ne2 Qb6
15. Qe1 h4 16. Rf1 h3 17. g4 Qe3 18. Ng3 Qxe1 19. Rfxe1 Be7 20. Nh5 O-O-O 21.
Be2 Rde8 22. Bf3 Kc7 23. Re3 Rhg8 24. Rde1 a5 25. c3 a4 26. Nc1 Na5 27. Nd3 Nc4
28. R3e2 Bc6 29. Ng3 f5 30. g5 fxe4 31. Bxe4 d5 32. Bf3 Bd6 33. b3 Nb6 34. Re3
Rh8 35. Ne5 Rh4 36. Rg1 Rf8 1-0

[Event "Aeroflot Open 2011 B"]
[Site "Moscu RUS"]
[Date "2011.02.10"]
[Round "3.49"]
[White "Baghdasaryan, Vahe"]
[Black "Badmatsyrenov, Oleg"]
[Result "0-1"]
[WhiteElo "2303"]
[BlackElo "2449"]
[PlyCount "80"]
[EventDate "2011.02.08"]
[EventType "swiss"]
[EventRounds "9"]
[EventCountry "RUS"]
[Source "lmi"]
[SourceDate "2011.02.08"]

1. e4 c5 2. Nf3 e6 3. d4 cxd4 4. Nxd4 a6 5. Bd3 Ne7 6. Be3 Nec6 7. Nb3 d6 8.
N1d2 Nd7 9. a4 Be7 10. f4 O-O 11. Qf3 Nb4 12. O-O Qc7 13. a5 Nc5 14. Bxc5 dxc5
15. Nc4 Bd7 16. Nb6 Rad8 17. Rac1 Bb5 18. Bc4 Nc6 19. Qc3 Nd4 20. Kh1 Ne2 21.
Bxe2 Bxe2 22. Rf2 Bb5 23. Rf3 Qc6 24. Rg3 g6 25. Qe3 Qd6 26. c4 Bc6 27. Rg1 Qd1
28. e5 Qc2 29. Qc3 Qf2 30. Qc1 Qe2 31. f5 exf5 32. Re1 Qh5 33. Kg1 Bh4 34. Rh3
Qg4 35. Nd5 Rxd5 36. cxd5 Bxd5 37. Qd2 Bxe1 38. Qxd5 Qe2 39. Rf3 Bh4 40. Qxc5
Qd1+ 0-1

[Event "Aeroflot Open 2011 B"]
[Site "Moscu RUS"]
[Date "2011.02.10"]
[Round "3.50"]
[White "Hamitevici, Vladimir"]
[Black "Dolzhykova, Kateryna"]
[Result "1-0"]
[WhiteElo "2412"]
[BlackElo "2303"]
[PlyCount "113"]
[EventDate "2011.02.08"]
[EventType "swiss"]
[EventRounds "9"]
[EventCountry "RUS"]
[Source "lmi"]
[SourceDate "2011.02.08"]

1. d4 d5 2. c4 c6 3. Nf3 Nf6 4. Qb3 dxc4 5. Qxc4 Bf5 6. g3 e6 7. Bg2 Nbd7 8.
O-O Be7 9. e3 O-O 10. Rd1 Rc8 11. Qe2 Ne4 12. Ne1 c5 13. Nc3 Nxc3 14. bxc3 Qc7
15. a4 cxd4 16. cxd4 Nb6 17. Bd2 Bg6 18. Rdc1 Qd7 19. Qb5 Rxc1 20. Rxc1 Rd8 21.
Ba5 h6 22. Bxb6 axb6 23. Qxb6 Qxa4 24. Qxb7 Qa3 25. Qc7 Kh7 26. Bf1 Rb8 27. Bd3
Bxd3 28. Nxd3 Rb3 29. Ne5 f5 30. Qc2 Rb2 31. Qc6 Rb3 32. Rf1 Qd6 33. Qe8 Bf6
34. Qg6+ Kg8 35. Rc1 Rb8 36. Qf7+ Kh8 37. Nd7 Qa3 38. Rf1 Rb7 39. Qe8+ Kh7 40.
Nf8+ Kg8 41. Nxe6+ Kh7 42. Nf8+ Kg8 43. Nd7+ Kh7 44. Nxf6+ gxf6 45. Qc8 Qe7 46.
Qxf5+ Kg7 47. Rc1 Rb3 48. Qf4 Rb7 49. Qg4+ Kh7 50. Qf5+ Kg7 51. Rc8 Qf7 52. d5
Ra7 53. Kg2 Rd7 54. e4 h5 55. h4 Re7 56. d6 Rd7 57. Qxd7 1-0

[Event "Aeroflot Open 2011 B"]
[Site "Moscu RUS"]
[Date "2011.02.10"]
[Round "3.52"]
[White "Adamowicz, Katarzyna"]
[Black "Khantuev, Alexander"]
[Result "0-1"]
[WhiteElo "2103"]
[BlackElo "2347"]
[PlyCount "56"]
[EventDate "2011.02.08"]
[EventType "swiss"]
[EventRounds "9"]
[EventCountry "RUS"]
[Source "lmi"]
[SourceDate "2011.02.08"]

1. e4 e6 2. d4 d5 3. exd5 exd5 4. Bd3 Nc6 5. c3 Bd6 6. Nf3 Nge7 7. O-O Bg4 8.
Bg5 Qd7 9. Nbd2 O-O-O 10. Bxe7 Nxe7 11. b4 Bf5 12. Be2 Ng6 13. Re1 Nf4 14. Bf1
f6 15. Nb3 Qf7 16. Nh4 Be4 17. Nd2 f5 18. g3 g5 19. Nhf3 Ne6 20. Nxe4 fxe4 21.
Nd2 h5 22. Bg2 g4 23. Qe2 Ng5 24. Qe3 Nf3+ 25. Nxf3 gxf3 26. Bf1 h4 27. a3 Rdg8
28. Ra2 Bf4 0-1

[Event "Aeroflot Open 2011 B"]
[Site "Moscu RUS"]
[Date "2011.02.10"]
[Round "3.53"]
[White "Tologontegin, Semetey"]
[Black "Berube, Antoine"]
[Result "1-0"]
[WhiteElo "2331"]
[BlackElo "2146"]
[PlyCount "75"]
[EventDate "2011.02.08"]
[EventType "swiss"]
[EventRounds "9"]
[EventCountry "RUS"]
[Source "lmi"]
[SourceDate "2011.02.08"]

1. d4 d5 2. c4 c6 3. Nf3 Nf6 4. e3 Bf5 5. Nc3 e6 6. Nh4 Be4 7. f3 Bg6 8. Qb3
Qc7 9. Bd2 Nbd7 10. O-O-O Be7 11. Nxg6 hxg6 12. g3 dxc4 13. Bxc4 b5 14. Bd3 a6
15. Kb1 c5 16. dxc5 Nxc5 17. Qc2 Nxd3 18. Qxd3 Rd8 19. Qc2 O-O 20. e4 Rc8 21.
Qb3 Nd7 22. Bf4 Qc6 23. Ne2 Nc5 24. Qe3 b4 25. Nd4 Qb6 26. h4 Rfd8 27. h5 gxh5
28. Rxh5 Na4 29. Qb3 Rxd4 30. Rdh1 f6 31. Rh8+ Kf7 32. Rxc8 Nc5 33. Qc2 Qb5 34.
e5 f5 35. Be3 Rc4 36. Qh2 Bf8 37. Qh5+ g6 38. Qh7+ 1-0